| 000 | 00791nam a2200265Ia 4500 | ||
|---|---|---|---|
| 001 | Para_7533 | ||
| 003 | CHAP | ||
| 008 | 220125s1975 xx 000 0 und d | ||
| 010 | _a206421 | ||
| 040 | _cCHAP | ||
| 082 | _aPA 632.58 W46 | ||
| 110 |
_aWestern Society of Weed Science _9172731 |
||
| 245 |
_aResearch Progress Report / _c by Western Society of Weed Science |
||
| 260 |
_aPhoenix, Arizona : _b La sociedad |
||
| 300 | _av. | ||
| 500 | _aLa biblioteca tiene: 1971, 1972, 1973, 1974, 1975, 1976, 1977, 1978, 1981 | ||
| 650 |
_aMalas hierbas _x investigación _xcongresos _9172705 |
||
| 901 | _aPA 632.58 W46 | ||
| 902 | _aA | ||
| 905 | _a0000001975 0000000000 00 | ||
| 910 | _a1975 | ||
| 942 | _cPARA | ||
| 942 |
_cPARA _d1 |
||
| 999 |
_c206421 _d206421 |
||